Modern Electronic Instrumentation and Measurement Techniques / (Record no. 32018)

000 -LEADER
fixed length control field 00599 a2200193 4500
003 - CONTROL NUMBER IDENTIFIER
control field OSt
005 - DATE AND TIME OF LATEST TRANSACTION
control field 20260117133457.0
008 - FIXED-LENGTH DATA ELEMENTS--GENERAL INFORMATION
fixed length control field 260117b ||||| |||| 00| 0 eng d
020 ## - INTERNATIONAL STANDARD BOOK NUMBER
International Standard Book Number 978-93-325-5606-5
040 ## - CATALOGING SOURCE
Transcribing agency .
082 ## - DEWEY DECIMAL CLASSIFICATION NUMBER
Classification number 621.3815
Item number H4748
100 ## - MAIN ENTRY--PERSONAL NAME
9 (RLIN) 5240
Personal name Helfrick, Albert D.
245 ## - TITLE STATEMENT
Title Modern Electronic Instrumentation and Measurement Techniques /
Statement of responsibility, etc. by Albert D. Helfrick and William D. Cooper
260 ## - PUBLICATION, DISTRIBUTION, ETC.
Name of publisher, distributor, etc. Pearson India Education Services Pvt Ltd,
Place of publication, distribution, etc. India :
Date of publication, distribution, etc. 2016.
300 ## - PHYSICAL DESCRIPTION
Extent 414 p.
650 #0 - SUBJECT ADDED ENTRY--TOPICAL TERM
9 (RLIN) 2106
Topical term or geographic name entry element Measurement
700 ## - ADDED ENTRY--PERSONAL NAME
9 (RLIN) 2577
Personal name Cooper, William D.
942 ## - ADDED ENTRY ELEMENTS (KOHA)
Source of classification or shelving scheme
Koha item type Books
Holdings
Withdrawn status Lost status Source of classification or shelving scheme Damaged status Not for loan Collection code Permanent Location Current Location Shelving location Date acquired Source of acquisition Cost, normal purchase price Full call number Barcode Date last seen Cost, replacement price Price effective from Koha item type
          Non-fiction IMU Kolkata IMU Kolkata Reference 2026-01-29 28 501.00 621.3815 H4748 14573 2026-01-29 750.00 2026-01-29 Books
          Non-fiction IMU Kolkata IMU Kolkata   2026-01-29 28 501.00 621.3815 H4748 14574 2026-01-29 750.00 2026-01-29 Books
          Non-fiction IMU Kolkata IMU Kolkata   2026-01-29 28 501.00 621.3815 H4748 14575 2026-01-29 750.00 2026-01-29 Books
          Non-fiction IMU Kolkata IMU Kolkata   2026-01-29 28 501.00 621.3815 H4748 14576 2026-01-29 750.00 2026-01-29 Books
          Non-fiction IMU Kolkata IMU Kolkata   2026-01-29 28 501.00 621.3815 H4748 14577 2026-01-29 750.00 2026-01-29 Books
Designed and Maintained by IMU-KC Library, Kolkata Campus © Copyright All Rights Reserved

webs counters

Powered by Koha